[Event "Detroit (WCO/4/17)"]
[Site "?"]
[Date "1994.??.??"]
[Round "?"]
[White "Khraizat, Ali"]
[Black "Fleshman, Justin"]
[Result "1-0"]
[WhiteElo "1605"]
[BlackElo "1605"]
[PlyCount "65"]
[EventDate "1994.??.??"]

{4/(17)} 1. d4 d5 2. c4 c6 3. e3 Nf6 4. Nc3 g6 5. Bd2 Bg7 6. c5 O-O 7. Bd3 Be6
8. b4 a6 9. Nge2 Nbd7 10. Qc2 Qc7 11. O-O Rac8 12. f4 b5 13. f5 Bxf5 14. Bxf5
gxf5 15. Qxf5 Bh6 16. Rf3 Rfd8 17. Qh3 Kf8 18. Qxh6+ Ke8 19. Ng3 Rb8 20. Nf5
Rdc8 21. Ng7+ Kd8 22. Nh5 Nxh5 23. Qxh5 f6 24. Qxh7 Nf8 25. Qf7 Kd7 26. Rxf6
Ra8 27. Rd6+ Qxd6 28. cxd6 Kxd6 29. e4 dxe4 30. Bf4+ Kd7 31. Nxe4 Kd8 32. Qxf8+
Kd7 33. Nc5# 1-0

[Event "Detroit (MOR/5/49)"]
[Site "?"]
[Date "1994.??.??"]
[Round "?"]
[White "Khraizat, Ali"]
[Black "Daniels, F."]
[Result "1-0"]
[WhiteElo "1605"]
[BlackElo "1605"]
[PlyCount "63"]
[EventDate "1994.??.??"]

{5/(49)} 1. e4 e5 2. Bc4 g6 3. d3 Bg7 4. Nf3 b6 5. Ng5 Nh6 6. Qf3 O-O 7. h4 d6
8. h5 Qe7 9. hxg6 hxg6 10. Qg3 Be6 11. Nxe6 fxe6 12. Bxh6 Nc6 13. Qxg6 Nd4 14.
c3 Nf5 15. Bxg7 Nxg7 16. Rh7 Rf7 17. Nd2 Raf8 18. Bxe6 Qxe6 19. Rxg7+ Rxg7 20.
Qxe6+ Kh8 21. Ke2 Rxg2 22. Rh1+ Kg7 23. Qe7+ Rf7 24. Rh7+ Kxh7 25. Qxf7+ Kh6
26. Qf3 Rg7 27. Nf1 Kh7 28. Ne3 Rg8 29. Qf7+ Rg7 30. Qh5+ Kg8 31. Nf5 Rh7 32.
Qe8# 1-0

[Event "Detroit (Beg/2/2)"]
[Site "?"]
[Date "1994.??.??"]
[Round "?"]
[White "Khraizat, Ali"]
[Black "Choate, Eric"]
[Result "1-0"]
[WhiteElo "1605"]
[BlackElo "1605"]
[PlyCount "49"]
[EventDate "1994.??.??"]

{2/(2)} 1. e4 e5 2. Bc4 Nf6 3. d3 Nc6 4. f4 exf4 5. Bxf4 Bc5 6. Nc3 d6 7. Bg5
h6 8. Bh4 g5 9. Bg3 Ng4 10. h3 Qf6 11. Nf3 Nf2 12. Bxf2 Qf4 13. Nd5 Qxf3 14.
Qxf3 h5 15. Nxc7+ Kd8 16. Nxa8 g4 17. Qf6+ Ne7 18. Qxh8+ Kd7 19. Bxc5 dxc5 20.
Bb5+ Kd6 21. Qf6+ Be6 22. e5+ Kd5 23. Nc7+ Kd4 24. c3+ Ke3 25. Qf2# 1-0

[Event "Detroit (WCO/5/11)"]
[Site "?"]
[Date "1994.??.??"]
[Round "?"]
[White "Khraizat, Ali"]
[Black "Boyle, John"]
[Result "0-1"]
[WhiteElo "1605"]
[BlackElo "1605"]
[PlyCount "57"]
[EventDate "1994.??.??"]

{5/(11)} 1. d4 d5 2. c4 e6 3. e3 Nf6 4. Nc3 c5 5. cxd5 cxd4 6. Qxd4 exd5 7. g3
Nc6 8. Qd1 Bb4 9. Nge2 Bg4 10. Bd2 Bf3 11. Rg1 Ne5 12. Qc2 Be4 13. Nxe4 Nf3+
14. Kd1 dxe4 15. Qa4+ Qd7 16. Qxd7+ Nxd7 17. Bxb4 Nxg1 18. Nxg1 O-O-O 19. Rc1+
Kb8 20. Kc2 Rc8+ 21. Kb1 Rxc1+ 22. Kxc1 Rc8+ 23. Kb1 Nb6 24. Bc3 g6 25. Bb5 Nc4
26. Ne2 a6 27. Bxc4 b5 28. Bd5 Rd8 29. Bc6 {[Remainder illegible; 0-1, 52?]}
0-1

[Event "Detroit (CAO/4/10)"]
[Site "?"]
[Date "1994.??.??"]
[Round "?"]
[White "Khraizat, Ali"]
[Black "Berry, M."]
[Result "1-0"]
[WhiteElo "1605"]
[BlackElo "1605"]
[PlyCount "81"]
[EventDate "1994.??.??"]

{4/(10)} 1. e4 Nc6 2. d4 e6 3. Bb5 Na5 4. Bd2 c6 5. Bd3 Be7 6. b4 b6 7. bxa5
bxa5 8. c4 Bb4 9. Qg4 Bxd2+ 10. Nxd2 Qf6 11. e5 Qh6 12. Ne4 Ba6 13. Nd6+ Ke7
14. Qf3 f6 15. exf6+ Nxf6 16. Nh3 Rhd8 17. O-O Kf8 18. g4 Kg8 19. g5 Qh5 20.
Qxh5 Nxh5 21. g6 h6 22. Kh1 Rf8 23. f4 Nf6 24. f5 exf5 25. Bxf5 Rab8 26. Bc2
Rb4 27. Bb3 Kh8 28. Rae1 a4 29. Bd1 Bxc4 30. Nxc4 Rxc4 31. Re7 Kg8 32. Bxa4
Rxa4 33. Re2 Rxd4 34. Ref2 Rh4 35. Nf4 Rb8 36. Nd3 d6 37. Re2 Nd5 38. Rfe1 Nc3
39. Rc2 Rb1 40. Rxb1 Nxb1 41. Rxc6 1-0

[Event "Detroit (WCO/1/11)"]
[Site "?"]
[Date "1994.??.??"]
[Round "?"]
[White "Khraizat, Ali"]
[Black "Bailey, Jason"]
[Result "0-1"]
[WhiteElo "1605"]
[BlackElo "1745"]
[PlyCount "32"]
[EventDate "1994.??.??"]

{1/(11)} 1. e4 e5 2. Bc4 Nf6 3. d3 Bc5 4. Bg5 d6 5. a3 O-O 6. Ne2 Bxf2+ 7. Kd2
Nxe4+ 8. dxe4 Qxg5+ 9. Kc3 Qxg2 10. Ng3 Nc6 11. Bf1 Bd4+ 12. Kb3 Qf2 13. Bc4
Na5+ 14. Kb4 Nxc4 15. Kxc4 Be6+ 16. Kb4 Bxb2 0-1

[Event "Detroit (CAO/5/6)"]
[Site "?"]
[Date "1994.??.??"]
[Round "?"]
[White "Khraizat, Ali"]
[Black "Bailey, Jason"]
[Result "0-1"]
[WhiteElo "1605"]
[BlackElo "1705"]
[PlyCount "77"]
[EventDate "1994.??.??"]

{5/(6)} 1. e4 c5 2. Nf3 d6 3. c3 Nf6 4. Qc2 Bg4 5. Be2 Nc6 6. O-O e6 7. d3 Be7
8. Be3 Rc8 9. Nbd2 O-O 10. Qb3 Bxf3 11. Bxf3 Ne5 12. d4 cxd4 13. cxd4 Neg4 14.
Rac1 Qd7 15. h3 Nxe3 16. Qxe3 Rc7 17. Rxc7 Qxc7 18. Qb3 h6 19. Nb1 Rc8 20. Nc3
a6 21. d5 e5 22. Rc1 Nd7 23. Bg4 Nc5 24. Qc2 Rb8 25. Na4 b5 26. Nxc5 dxc5 27.
Rd1 Bd6 28. Rc1 Qa5 29. b3 Rb7 30. Ra1 Rc7 31. a3 c4 32. b4 Bxb4 33. Rd1 Bd6
34. Ra1 b4 35. Qb2 bxa3 36. Qb8+ Kh7 37. Qd8 Qb4 38. h4 c3 39. h5 0-1

[Event "Detroit (MOR/1a/30)"]
[Site "?"]
[Date "1994.??.??"]
[Round "?"]
[White "Kezele, P."]
[Black "Watts, C."]
[Result "1-0"]
[WhiteElo "1605"]
[BlackElo "1605"]
[PlyCount "47"]
[EventDate "1994.??.??"]

1. d4 Nf6 2. c4 g6 3. Nc3 Bg7 4. e4 d6 5. f4 Bg4 6. Nf3 Bxf3 7. Qxf3 e6 8. Be2
Qd7 9. e5 dxe5 10. dxe5 Nh5 11. Qxb7 Qc6 12. Bf3 Qb6 13. Qxa8 f5 14. Bc6+ Ke7
15. Bf3 c6 16. c5 Qc7 17. O-O Rc8 18. b4 a6 19. Be3 Rd8 20. Rad1 Ke8 21. Rxd8+
Kxd8 22. Bxc6 Qxc6 23. Qxb8+ Qc8 24. Rd1+ 1-0

[Event "Detroit (MOR/3/35)"]
[Site "?"]
[Date "1994.??.??"]
[Round "?"]
[White "Kezele, P."]
[Black "Raupp, Christine"]
[Result "1-0"]
[WhiteElo "1605"]
[BlackElo "1605"]
[PlyCount "111"]
[EventDate "1994.??.??"]

{3/(35)} 1. d4 e6 2. c4 f5 3. Nc3 Bb4 4. Nf3 Nf6 5. Bg5 b6 6. a3 Bxc3+ 7. bxc3
Bb7 8. d5 exd5 9. cxd5 Bxd5 10. e3 O-O 11. Bxf6 Qxf6 12. Qxd5+ Kh8 13. Qxa8
Qxc3+ 14. Ke2 Qxa1 15. Qxa7 Qb2+ 16. Nd2 Qb5+ 17. Ke1 Qe5 18. Be2 Nc6 19. Qa4
f4 20. exf4 Qxf4 21. Qxf4 Rxf4 22. Bb5 Ne5 23. Ke2 d5 24. Rc1 c5 25. Ke3 g5 26.
g3 Ng4+ 27. Ke2 Rxf2+ 28. Ke1 Rxh2 29. Nf3 Ra2 30. a4 h6 31. Bd7 Nf2 32. Rb1
Nd3+ 33. Kd1 Nf2+ 34. Ke1 Nd3+ 35. Kf1 Rf2+ 36. Kg1 Rxf3 37. Rxb6 Kg7 38. Kg2
Rf6 39. a5 Rxb6 40. axb6 Nb4 41. Bb5 d4 42. b7 d3 43. b8=Q d2 44. Qe5+ Kg6 45.
Qd6+ Kf5 46. g4+ Kxg4 47. Be2+ Kf5 48. Qxc5+ Ke4 49. Qxb4+ Ke3 50. Kf1 h5 51.
Qc3+ Kf4 52. Qxd2+ Kf5 53. Qd5+ Kf4 54. Kf2 h4 55. Bd3 g4 56. Qf5# 1-0

[Event "Detroit (MOR/6/34)"]
[Site "?"]
[Date "1994.??.??"]
[Round "?"]
[White "Kezele, P."]
[Black "Khraizat, Ali"]
[Result "0-1"]
[WhiteElo "1605"]
[BlackElo "1605"]
[PlyCount "72"]
[EventDate "1994.??.??"]

{6/(34)} 1. d4 Nf6 2. c4 d5 3. cxd5 Bf5 4. Nc3 Nxd5 5. Nf3 Nc6 6. e3 Nxc3 7.
bxc3 a6 8. Bc4 b5 9. Bb3 e6 10. d5 Na5 11. dxe6 Qxd1+ 12. Bxd1 Bxe6 13. O-O Be7
14. Bc2 Bf6 15. Nd4 c5 16. Nxe6 fxe6 17. Be4 Rd8 18. Bb2 Nc4 19. Bc6+ Ke7 20.
Rab1 Nd2 21. Ba3 Nxb1 22. Bxc5+ Kf7 23. Rxb1 Rc8 24. Bxb5 Rxc5 25. Bxa6 Rxc3
26. a4 Ra3 27. Bb5 Rd8 28. g3 Rd2 29. Kg2 Rxe3 30. a5 Ra3 31. a6 Bd4 32. Rf1
Raa2 33. Bc4 Rxf2+ 34. Rxf2+ Rxf2+ 35. Kh3 Ke7 36. g4 e5 0-1

[Event "Romulus (RVO/4/10)"]
[Site "?"]
[Date "1994.??.??"]
[Round "?"]
[White "Key_Smith, G."]
[Black "Santiago, Reynaldo"]
[Result "0-1"]
[WhiteElo "1810"]
[BlackElo "1995"]
[PlyCount "59"]
[EventDate "1994.??.??"]

{4/(10)} 1. d4 Nf6 2. c4 g6 3. Nc3 c5 4. d5 d6 5. e4 Bg7 6. Bd3 O-O 7. Nge2 e6
8. O-O exd5 9. exd5 Nbd7 10. f4 a6 11. Bd2 Rb8 12. a4 b6 13. Rb1 Re8 14. Ng3
Rb7 15. Qc2 Nf8 16. f5 Ng4 17. Nce2 Qh4 18. h3 Ne3 19. Bxe3 Rxe3 20. Rf4 Qe7
21. fxg6 hxg6 22. Re4 Qg5 23. Rxe3 Qxe3+ 24. Kh1 Be5 25. Nf1 Qf2 26. Ng1 Qh4
27. Nf3 Qf4 28. Qd2 Re7 29. Nxe5 Qxe5 30. Re1 0-1

[Event "Detroit (MI Op/1a/25)"]
[Site "?"]
[Date "1994.??.??"]
[Round "?"]
[White "Key_Smith, G."]
[Black "Moody, David"]
[Result "0-1"]
[WhiteElo "1805"]
[BlackElo "2000"]
[PlyCount "60"]
[EventDate "1994.??.??"]

1. d4 Nf6 2. Nf3 g6 3. c4 Bg7 4. Nc3 O-O 5. e4 d6 6. Be2 e5 7. Bg5 exd4 8. Nxd4
Qe8 9. f3 c6 10. O-O Qe5 11. Be3 d5 12. f4 Qe7 13. e5 c5 14. cxd5 cxd4 15. Bxd4
Nfd7 16. Rc1 Nb6 17. d6 Qd8 18. Ne4 Nc6 19. Bf2 Be6 20. Qe1 Nd5 21. Kh1 f6 22.
Bh4 Qb6 23. Nc5 Bf5 24. e6 Nd4 25. Nd7 Qxd6 26. Nxf8 Rxf8 27. Qd2 Nxe2 28. Qxe2
Qxe6 29. Qd2 Be4 30. h3 Qxh3+ 0-1

[Event "Detroit (MI Op/4/35)"]
[Site "?"]
[Date "1994.??.??"]
[Round "?"]
[White "Key_Smith, G."]
[Black "LaForge, Tom"]
[Result "0-1"]
[WhiteElo "1805"]
[BlackElo "1950"]
[PlyCount "69"]
[EventDate "1994.??.??"]

{4/(35)} 1. d4 d5 2. c4 e6 3. Nc3 Be7 4. Nf3 Nf6 5. Bg5 O-O 6. e3 h6 7. Bh4 b6
8. Bd3 Bb7 9. O-O Nbd7 10. a3 c5 11. Rc1 cxd4 12. exd4 Rc8 13. Qe2 dxc4 14.
Bxc4 Bxf3 15. gxf3 Re8 16. Ba6 Rc6 17. Bb7 Rc7 18. Ba6 Nb8 19. Bb5 Rf8 20. Rfd1
Kh8 21. d5 exd5 22. Bg3 Bd6 23. Rc2 Bxg3 24. fxg3 Qc8 25. Rcd2 a6 26. Ba4 b5
27. Bb3 Re8 28. Qf2 Nbd7 29. Nxd5 Nxd5 30. Rxd5 Nf6 31. R5d2 Rc1 32. Qf1 Rxd1
33. Qxd1 Qc7 34. Kf2 Qc5+ 35. Kg2 {[Remainder illegible; 0-1, time, 52?]} 0-1

[Event "Detroit (MI Op/6/38)"]
[Site "?"]
[Date "1994.??.??"]
[Round "?"]
[White "Key_Smith, G."]
[Black "Grams, Paul"]
[Result "0-1"]
[WhiteElo "1805"]
[BlackElo "1800"]
[PlyCount "55"]
[EventDate "1994.??.??"]

{6/(38)} 1. d4 Nf6 2. c4 c5 3. d5 d6 4. Nc3 g6 5. e4 Bg7 6. Bd3 O-O 7. Nge2 e6
8. O-O exd5 9. exd5 Nbd7 10. f4 Re8 11. Bd2 Ng4 12. Rf3 Ndf6 13. Qc2 Nh6 14. h3
Nf5 15. Kh1 Kh8 16. Raf1 a6 17. Be1 Ne3 18. Rxe3 Rxe3 19. f5 Bxf5 20. Bxf5 gxf5
21. Bh4 Qe8 22. Rxf5 Ng8 23. Nf4 Re5 24. Nh5 Rxf5 25. Qxf5 Qe5 26. Qxf7 Rf8 27.
Qxf8 Bxf8 28. Bf6+ 0-1

[Event "Romulus (RVO/2/9)"]
[Site "?"]
[Date "1994.??.??"]
[Round "?"]
[White "Key_Smith, G."]
[Black "Chehayeb, Sal"]
[Result "0-1"]
[WhiteElo "1810"]
[BlackElo "2025"]
[PlyCount "112"]
[EventDate "1994.??.??"]

{2/(9)} 1. d4 Nf6 2. c4 e5 3. dxe5 Ng4 4. Nf3 Bc5 5. e3 Nc6 6. a3 a5 7. Nc3
Ngxe5 8. Be2 O-O 9. O-O d6 10. b3 Re8 11. Bb2 Bf5 12. Nd4 Bg6 13. Nxc6 Nxc6 14.
Bf3 Rb8 15. Nd5 Ne5 16. Bh5 Be4 17. Bxe5 Rxe5 18. Bf3 Bxf3 19. Qxf3 c6 20. Nf4
Qf6 21. Qh3 g6 22. g3 b5 23. Nd3 Rh5 24. Qg2 bxc4 25. Nxc5 Rxc5 26. bxc4 Rxc4
27. Rfc1 Qb2 28. Qf1 Rxc1 29. Rxc1 c5 30. Rd1 Qxa3 31. Rxd6 c4 32. Qd1 Qc3 33.
Rd7 Qb3 34. Qf3 c3 35. Qf6 c2 36. Rd8+ Rxd8 37. Qxd8+ Kg7 38. Qd4+ f6 39. Qd7+
Kf8 40. Qd8+ Kg7 41. Qd7+ Qf7 42. Qc6 a4 43. Qxc2 a3 44. h4 a2 45. Qc1 Qb7 46.
Kh2 Qa7 47. Qa1 Kf7 48. Kg1 Qa4 49. Kh2 Qc2 50. Kg2 Qb1 51. Qd4 a1=Q 52. Qd7+
Kf8 53. Qd8+ Kg7 54. Qc7+ Kh6 55. Qf4+ g5 56. hxg5+ fxg5 0-1

[Event "Detroit (Class DE/2/9)"]
[Site "?"]
[Date "1994.??.??"]
[Round "?"]
[White "Kenworthy, Matt"]
[Black "Raupp, Sarah"]
[Result "1-0"]
[WhiteElo "1605"]
[BlackElo "1605"]
[PlyCount "69"]
[EventDate "1994.??.??"]

{2/(9)} 1. e4 e6 2. d4 d5 3. e5 c5 4. c3 Nc6 5. Bb5 Bd7 6. Nf3 Qb6 7. Qe2 c4 8.
Ba4 Nxe5 9. Bxd7+ Nxd7 10. Ne5 Nxe5 11. Qxe5 Nf6 12. Nd2 Bd6 13. Qg5 O-O 14.
Nf3 Rae8 15. Ne5 Bxe5 16. dxe5 Ne4 17. Qh4 d4 18. Qxe4 Rd8 19. Rb1 Rd5 20. O-O
Rc8 21. Rd1 Qa5 22. a3 Rcd8 23. cxd4 Rxd4 24. Rxd4 Rxd4 25. Qe2 Qd5 26. h3 Re4
27. Qd2 Rd4 28. Qg5 Rd1+ 29. Kh2 Qd3 30. Ra1 Qf1 31. Kg3 Rd3+ 32. f3 Qe1+ 33.
Kh2 Qf2 34. Bf4 Rxf3 35. Qd8# 1-0

[Event "Detroit (Class DE/4/9)"]
[Site "?"]
[Date "1994.??.??"]
[Round "?"]
[White "Kenworthy, Matt"]
[Black "McMahan, M."]
[Result "1-0"]
[WhiteElo "1605"]
[BlackElo "1605"]
[PlyCount "115"]
[EventDate "1994.??.??"]

{4/(9)} 1. e4 e5 2. Nf3 Nc6 3. Bb5 Bc5 4. Bxc6 dxc6 5. d3 h6 6. Nxe5 Qd4 7. Ng4
Bxg4 8. Qxg4 Qxf2+ 9. Kd1 Qf6 10. e5 Qg6 11. Qxg6 fxg6 12. c3 O-O-O 13. d4 Be7
14. Be3 c5 15. Kc2 cxd4 16. cxd4 Bb4 17. a3 Ba5 18. b4 Bb6 19. Nc3 Ne7 20. Rad1
Nf5 21. Bf2 Nxd4+ 22. Kb2 Nc6 23. Bxb6 axb6 24. e6 Rhe8 25. Rhe1 Rxd1 26. Nxd1
Nd4 27. e7 Kd7 28. Nc3 Rxe7 29. Rd1 c5 30. Nb5 Re4 31. Kc3 Re2 32. Kc4 Kc6 33.
Rxd4 cxd4 34. Nxd4+ Kc7 35. Nxe2 Kc6 36. Nd4+ Kc7 37. Kb5 g5 38. Ne6+ Kd6 39.
Nxg7 Kc7 40. g4 Kc8 41. Kxb6 Kb8 42. Nf5 Kc8 43. Nxh6 Kb8 44. Nf7 Kc8 45. Nxg5
Kb8 46. Ne4 Kc8 47. g5 Kd8 48. h4 Ke7 49. g6 Kf8 50. Kxb7 Kg7 51. h5 Kh6 52. a4
Kg7 53. a5 Kh6 54. a6 Kg7 55. a7 Kh6 56. a8=Q Kg7 57. Kb6 Kh6 58. Qh8# 1-0

[Event "Detroit (Class DE/3/22)"]
[Site "?"]
[Date "1994.??.??"]
[Round "?"]
[White "Kenworthy, Mark"]
[Black "Lueer, Michael"]
[Result "1/2-1/2"]
[WhiteElo "1605"]
[BlackElo "1605"]
[PlyCount "124"]
[EventDate "1994.??.??"]

{3/(22)} 1. e4 g6 2. d4 Bg7 3. Nf3 d6 4. Bc4 Bg4 5. h3 Bxf3 6. Qxf3 e6 7. d5 e5
8. O-O Ne7 9. Qg3 c6 10. Nc3 b5 11. Be2 O-O 12. Bh5 f5 13. Bg5 h6 14. Bxe7 Qxe7
15. Qxg6 Qf6 16. exf5 Qxf5 17. Qxf5 Rxf5 18. Be8 b4 19. Ne2 cxd5 20. c3 Na6 21.
Bd7 Rff8 22. Be6+ Kh8 23. Bxd5 Rab8 24. Rab1 Nc5 25. cxb4 Rxb4 26. a3 Rb6 27.
b4 Rfb8 28. Nc3 Nd7 29. Ne4 Nf6 30. Nxf6 Bxf6 31. f4 a5 32. fxe5 dxe5 33. Rbc1
axb4 34. a4 b3 35. Rc6 b2 36. Rb1 Rb4 37. Rxf6 Rxa4 38. Rxh6+ Kg7 39. Rc6 Rd4
40. Ba2 Ra4 41. Rc7+ Kf6 42. Rf1+ Rf4 43. Rxf4+ exf4 44. Rc5 b1=Q+ 45. Bxb1
Rxb1+ 46. Kf2 Rb2+ 47. Kf3 Rb4 48. g4 fxg3 49. Kxg3 Re4 50. Rh5 Re5 51. Rxe5
Kxe5 52. Kg4 Kf6 53. h4 Kg6 54. h5+ Kh6 55. Kh4 Kh7 56. Kg5 Kg7 57. h6+ Kf7 58.
Kh5 Kg8 59. Kg6 Kh8 60. Kg5 Kh7 61. Kh5 Kg8 62. Kg6 Kh8 1/2-1/2

[Event "Detroit (Class DE/1/21)"]
[Site "?"]
[Date "1994.??.??"]
[Round "?"]
[White "Kenworthy, Mark"]
[Black "Harrison, T."]
[Result "0-1"]
[WhiteElo "1605"]
[BlackElo "1605"]
[PlyCount "50"]
[EventDate "1994.??.??"]

{1/(21)} 1. e4 c5 2. d3 d6 3. Nf3 Nc6 4. c4 e6 5. Ng5 Be7 6. h4 a6 7. Nc3 Nf6
8. Be3 Bd7 9. Qf3 b5 10. cxb5 axb5 11. Nxb5 Ne5 12. Nxd6+ Bxd6 13. Qf4 Nxd3+
14. Bxd3 Bxf4 15. Bxf4 O-O 16. e5 Nh5 17. Bxh7+ Kh8 18. Be3 Qc7 19. Rd1 Bb5 20.
Be4 Rad8 21. Bc2 Rxd1+ 22. Bxd1 Rd8 23. Bxh5 Qa5+ 24. b4 Qxb4+ 25. Bd2 Qxd2#
0-1

[Event "Detroit (Class DE/4/20)"]
[Site "?"]
[Date "1994.??.??"]
[Round "?"]
[White "Kenworthy, Mark"]
[Black "Boyer, Mike"]
[Result "0-1"]
[WhiteElo "1605"]
[BlackElo "1605"]
[PlyCount "120"]
[EventDate "1994.??.??"]

{4/(20)} 1. e4 e5 2. Nf3 Nf6 3. Nc3 d6 4. d4 exd4 5. Nxd4 Bd7 6. Bb5 Bxb5 7.
Ndxb5 a6 8. e5 axb5 9. exf6 Qxf6 10. Nxb5 Qd8 11. Bf4 Qd7 12. Qd5 Ra5 13. c4 c6
14. Nxd6+ Bxd6 15. Qxd6 Qxd6 16. Bxd6 Nd7 17. O-O Nf6 18. Rae1+ Kd8 19. Be7+
Kc8 20. Bxf6 gxf6 21. a3 Re5 22. f4 Re6 23. f5 Re5 24. a4 Kc7 25. b4 Ra8 26. a5
Ra6 27. b5 Rxa5 28. Rxe5 fxe5 29. bxc6 bxc6 30. f6 Rc5 31. Rf5 Kd6 32. Rh5 e4
33. Rxh7 Ke6 34. Rh6 Rxc4 35. g4 e3 36. g5 Rg4+ 37. Kf1 Rxg5 38. h4 Rf5+ 39.
Ke2 Rxf6 40. Rxf6+ Kxf6 41. Kxe3 Kg6 42. Kf4 Kh5 43. Kg3 c5 44. Kf3 Kxh4 45.
Ke3 f5 46. Kf4 c4 47. Kxf5 c3 48. Ke4 c2 49. Kd3 c1=Q 50. Kd4 Qa3 51. Kd5 Qa4
52. Ke5 Kg4 53. Kd5 Kf4 54. Ke6 Qb5 55. Kd6 Kf5 56. Kc7 Qa6 57. Kd7 Kf6 58. Kc7
Ke6 59. Kb8 Qc6 60. Ka7 Qb5 0-1

[Event "Detroit (MCO/C/5/13)"]
[Site "?"]
[Date "1994.??.??"]
[Round "?"]
[White "Keeley, G."]
[Black "Kim, E."]
[Result "1-0"]
[WhiteElo "1605"]
[BlackElo "1605"]
[PlyCount "49"]
[EventDate "1994.??.??"]

{5/(13)} 1. e4 e5 2. Nf3 Nc6 3. d4 exd4 4. Bc4 Bc5 5. O-O Nf6 6. e5 d5 7. exf6
dxc4 8. Re1+ Be6 9. Ng5 Qxf6 10. Nxe6 fxe6 11. Qh5+ g6 12. Qxc5 O-O-O 13. Bg5
Qf8 14. Qxf8 Rdxf8 15. Rxe6 Nb4 16. Na3 Rf5 17. Bh4 g5 18. Bg3 Kd7 19. Rae1 d3
20. cxd3 cxd3 21. Re7+ Kd8 22. Nc4 Rd5 23. Nd2 c5 24. Rxb7 Re8 25. Rb8+ 1-0

[Event "Detroit (MEX/3/3)"]
[Site "?"]
[Date "1994.??.??"]
[Round "?"]
[White "Kebrdle, M."]
[Black "Ward, Tom"]
[Result "0-1"]
[WhiteElo "2045"]
[BlackElo "2200"]
[PlyCount "34"]
[EventDate "1994.??.??"]

{3/(3)} 1. e4 c5 2. Nf3 d6 3. Bb5+ Bd7 4. Bxd7+ Nxd7 5. d4 cxd4 6. Nxd4 Ngf6 7.
Nc3 g6 8. Be3 Bg7 9. f3 O-O 10. O-O Ne5 11. Rb1 Nc4 12. Qd3 Nxe3 13. Qxe3 Qb6
14. Rfe1 Ng4 15. Nd5 Nxe3 16. Nxb6 Bxd4 17. Nxa8 Nxc2+ 0-1

[Event "Detroit (MEX/4/4)"]
[Site "?"]
[Date "1994.??.??"]
[Round "?"]
[White "Kebrdle, M."]
[Black "Pence, Mark"]
[Result "1/2-1/2"]
[WhiteElo "2045"]
[BlackElo "2115"]
[PlyCount "125"]
[EventDate "1994.??.??"]

{4/(4)} 1. c4 e6 2. g3 d5 3. Bg2 Nf6 4. Nf3 Be7 5. O-O O-O 6. b3 c5 7. e3 Nc6
8. Bb2 d4 9. exd4 Nxd4 10. Nxd4 cxd4 11. Re1 Bc5 12. d3 Re8 13. f4 Qc7 14. Nd2
e5 15. Ne4 Nxe4 16. Bxe4 Bd7 17. fxe5 Rxe5 18. Bc1 Ree8 19. Bf4 Qb6 20. Qf3 Bc6
21. Bxc6 Qxc6 22. Qxc6 bxc6 23. Bd2 f6 24. Kf2 Kf7 25. b4 Bd6 26. a4 a6 27.
Rab1 Rxe1 28. Rxe1 Rb8 29. Rb1 f5 30. b5 axb5 31. axb5 cxb5 32. cxb5 Bc7 33.
Kf3 Rb7 34. Rc1 Bb8 35. Rb1 Bc7 36. Bf4 Bxf4 37. Kxf4 Kf6 38. h4 g6 39. Rb4 h6
40. b6 g5+ 41. hxg5+ hxg5+ 42. Kf3 Ke5 43. Rb5+ Ke6 44. g4 fxg4+ 45. Kxg4 Kd6
46. Kxg5 Kc6 47. Rb4 Kc5 48. Rc4+ Kd5 49. Ra4 Rxb6 50. Ra5+ Kc6 51. Kf4 Rb8 52.
Ke4 Rd8 53. Rh5 Rd7 54. Rh6+ Kc5 55. Rh5+ Kc6 56. Rh1 Kc7 57. Rc1+ Kd8 58. Rc4
Ke7 59. Ke5 Rd8 60. Rc6 Rd7 61. Rh6 Kd8 62. Rh4 Kc7 63. Rxd4 1/2-1/2

[Event "Detroit (MI Op/1b/7)"]
[Site "?"]
[Date "1994.??.??"]
[Round "?"]
[White "Kebrdle, M."]
[Black "Mankiewicz, Ryan"]
[Result "1/2-1/2"]
[WhiteElo "2060"]
[BlackElo "1800"]
[PlyCount "68"]
[EventDate "1994.??.??"]

1. e4 e6 2. d4 d5 3. exd5 exd5 4. c4 Nc6 5. cxd5 Qxd5 6. Nf3 Bg4 7. Be2 O-O-O
8. Nc3 Qa5 9. Be3 Nf6 10. O-O Bc5 11. a3 Bxf3 12. Bxf3 Bxd4 13. Bxc6 Bxe3 14.
Bxb7+ Kxb7 15. Qf3+ c6 16. fxe3 Rhe8 17. b4 Qe5 18. e4 Rd7 19. Rad1 Red8 20.
Na4 Rxd1 21. Nc5+ Kc7 22. Rxd1 Rxd1+ 23. Qxd1 Qc3 24. Qf1 Qe3+ 25. Kh1 a5 26.
h3 h5 27. Qf5 Kb6 28. bxa5+ Kxa5 29. Nd7+ Ka4 30. Nxf6 gxf6 31. Qxf6 Qxe4 32.
Qxf7 h4 33. Qa7+ Kb3 34. Qc5 Qe1+ 1/2-1/2

[Event "Detroit (MI Op/6/8)"]
[Site "?"]
[Date "1994.??.??"]
[Round "?"]
[White "Kebrdle, M."]
[Black "Gabbara, Faris"]
[Result "1-0"]
[WhiteElo "2060"]
[BlackElo "2170"]
[PlyCount "47"]
[EventDate "1994.??.??"]

{6/(8)} 1. e4 e5 2. Nf3 Nf6 3. Nc3 Bb4 4. Bc4 Nc6 5. d3 O-O 6. Bg5 d6 7. O-O
Bxc3 8. bxc3 Bg4 9. h3 Bh5 10. g4 Bg6 11. Qd2 Na5 12. Bb3 c5 13. Bd5 Qd7 14.
Bxf6 gxf6 15. Nh4 Kg7 16. f4 h5 17. f5 Bh7 18. gxh5 Kh8 19. Qh6 Rg8+ 20. Kh2
Qe7 21. Bxf7 Qxf7 22. Ng6+ Rxg6 23. hxg6 Qd7 24. gxh7 1-0

[Event "Detroit (MI Op/3/21)"]
[Site "?"]
[Date "1994.??.??"]
[Round "?"]
[White "Kebrdle, M."]
[Black "Calton, David A"]
[Result "1-0"]
[WhiteElo "2060"]
[BlackElo "1845"]
[PlyCount "45"]
[EventDate "1994.??.??"]

{3/(21)} 1. e4 g6 2. d4 Bg7 3. Nf3 d6 4. Nc3 Nc6 5. Be3 e5 6. Bb5 Bd7 7. Qd2 a6
8. Ba4 b5 9. Bb3 h6 10. dxe5 Nxe5 11. Nxe5 Bxe5 12. f4 Bg7 13. O-O Ne7 14. Rae1
O-O 15. f5 gxf5 16. Bxh6 fxe4 17. Qg5 Nf5 18. Rxf5 Qxg5 19. Rxg5 Kh7 20. Bxg7
Rg8 21. Bf6 Rxg5 22. Bxg5 Rg8 23. Nxe4 1-0

[Event "Detroit (MI Op/5/10)"]
[Site "?"]
[Date "1994.??.??"]
[Round "?"]
[White "Kebrdle, M."]
[Black "Calton, Bill"]
[Result "1/2-1/2"]
[WhiteElo "2060"]
[BlackElo "2170"]
[PlyCount "68"]
[EventDate "1994.??.??"]

{5/(10)} 1. e4 c6 2. d4 d5 3. exd5 cxd5 4. c4 Nf6 5. Nc3 e6 6. Nf3 Bb4 7. c5
Nc6 8. Bb5 Ne4 9. Bd2 Bxc3 10. Bxc3 O-O 11. O-O Nxc3 12. bxc3 Ne7 13. Bd3 Ng6
14. Bxg6 hxg6 15. Re1 b6 16. cxb6 axb6 17. Ne5 Ba6 18. Qg4 Bc4 19. Nf3 Qf6 20.
Ne5 Qf5 21. Qxf5 gxf5 22. Nd7 Rfd8 23. Nxb6 Ra3 24. Nxc4 dxc4 25. Rec1 e5 26.
dxe5 Rd2 27. Kf1 Raxa2 28. Rxa2 Rxa2 29. h4 Kf8 30. g3 Ke7 31. Kg2 Re2 32. Kf3
Rxe5 33. Rd1 Re4 34. Rd5 Kf6 1/2-1/2

[Event "Eastpointe (US Am N/2/42)"]
[Site "?"]
[Date "1994.??.??"]
[Round "?"]
[White "Kas-Mikha, N."]
[Black "Strenio, G."]
[Result "0-1"]
[WhiteElo "1605"]
[BlackElo "1605"]
[PlyCount "90"]
[EventDate "1994.??.??"]

{2/(42)} 1. e4 c5 2. Qf3 e6 3. Bc4 a6 4. Nh3 b5 5. Be2 Bb7 6. Qf4 d6 7. Ng5 Qf6
8. g3 Qxf4 9. gxf4 h6 10. Nh3 Bxe4 11. f3 Bxc2 12. Na3 Bf5 13. Bf1 d5 14. d3
Nc6 15. Nf2 Nd4 16. Bg2 b4 17. O-O bxa3 18. bxa3 Ne2+ 19. Kh1 Nxc1 20. Rfxc1
Rc8 21. d4 c4 22. Ng4 Bxa3 23. Rd1 Bb2 24. Ne3 Bxa1 25. Rxa1 Bd3 26. Bf1 Bxf1
27. Rxf1 Ne7 28. Nc2 a5 29. Na3 Rb8 30. Re1 O-O 31. Re5 Nc6 32. Rh5 Nxd4 33. f5
Nxf5 34. Nc2 Rb2 35. Na3 Rfb8 36. f4 Rxa2 37. Rh3 Rb3 38. Rxb3 cxb3 39. Nb1 Ra1
40. Kg2 Rxb1 41. h4 b2 42. h5 Rc1 43. Kf2 b1=Q 44. Kf3 Qe4+ 45. Kg4 Qg2# 0-1

[Event "Eastpointe (MI Action/1/23)"]
[Site "?"]
[Date "1994.??.??"]
[Round "?"]
[White "Kane, Paul"]
[Black "Wensink, E."]
[Result "1-0"]
[WhiteElo "1605"]
[BlackElo "1605"]
[PlyCount "79"]
[EventDate "1994.??.??"]

{1/(23)} 1. d4 d5 2. c4 Nf6 3. Nc3 dxc4 4. e4 e6 5. Bxc4 c5 6. Nf3 Nc6 7. Be3
cxd4 8. Nxd4 Nxd4 9. Bxd4 Be7 10. O-O O-O 11. e5 Nd7 12. Qg4 Nb6 13. Bd3 Nd5
14. Rad1 f6 15. Qh4 h6 16. Qg4 Nxc3 17. bxc3 fxe5 18. Bxe5 Bf6 19. Bh7+ Kxh7
20. Rxd8 Rxd8 21. Bxf6 gxf6 22. Qe4+ Kg7 23. h3 Rd5 24. Qb4 a5 25. Qe7+ Kg6 26.
Re1 Re5 27. Rd1 Rd5 28. Rc1 Bd7 29. c4 Rd4 30. Rb1 Bc6 31. Rb3 Re8 32. Rg3+ Kf5
33. Qh7+ Ke5 34. Qxh6 Rf4 35. Re3+ Be4 36. Qh5+ Kd4 37. Qxe8 e5 38. Qb5 b6 39.
g4 f5 40. Qxb6+ 1-0